Tenemos derecho a vivir sin violencia

Detalles Bibliográficos
Autor principal: Chapela, Luz
Formato: eBook
Lenguaje:español
Publicado: Ciudad de Mx̌ico: Cm̀ara de Diputados, 2010
Materias:
Acceso en línea:Acceso restringido

MARC

LEADER 00000nam a22000007a 4500
005 20170829234949.0
007 cr|||| ||||
008 170829s2010 mx |||||s||||f00||0 spa d
035 |a 20478 
040 |a vLex 
090 |c 6877  |d 6877 
100 1 |a Chapela, Luz 
245 1 0 |a Tenemos derecho a vivir sin violencia  |h [Recurso electrn̤ico] /  |c Luz Chapela 
256 |a Servicio en ln̕ea 
260 |a Ciudad de Mx̌ico:  |b Cm̀ara de Diputados,  |c 2010 
300 |a 1 recurso electrn̤ico 
506 1 |a Disponible solo en los productos indicados  |d vLex Global  |d vLex Global (Academic Edition, excluding Law Schools)  |d vLex Global (U.S. Academic Edition, Law Schools)  |d vLex Global (U.S. Academic Edition, excluding Law Schools)  |d vLex Global (Academic Edition, Law Schools) 
650 0 4 |a Derecho Civil  |z Mx̌ico 
650 0 4 |a Derecho Penal  |z Mx̌ico 
650 0 4 |a Derecho Constitucional  |z Mx̌ico 
740 0 |a vLex Libros (Servicio en ln̕ea) 
856 4 0 |u http://vlex.com/source/tenemos-derecho-a-vivir-sin-violencia-20478  |z Acceso restringido 
942 |c BOOK 
999 0 |a Civil Law 
999 0 |a Criminal Law 
999 0 |a Constitutional Law